[Event "HUN-chT3"]
[Site "Hungary"]
[Date "1991.??.??"]
[Round "?"]
[White "Salkovics, Zoltan"]
[Black "Lukacs, Csaba"]
[Result "0-1"]
[WhiteElo "1750"]
[BlackElo "2055"]
[PlyCount "88"]
[EventDate "1991.??.??"]
[EventType "team"]
[EventRounds "11"]
[EventCountry "HUN"]
[SourceTitle "EXT 2001"]
[Source "ChessBase"]
[SourceDate "2000.11.22"]
[SourceVersion "1"]
[SourceVersionDate "2000.11.22"]
[SourceQuality "1"]

1. e4 c5 2. Nf3 d6 3. d4 cxd4 4. Nxd4 Nf6 5. Nc3 g6 6. Bg5 Bg7 7. Qd2 Nc6 8. Nb3 Be6 9. Be2 Rc8 10. Bh6 0-0 11. Bxg7 Kxg7 12. Nd4 Nxd4 13. Qxd4 Qa5 14. f4 Qc5 15. Rd1 a6 16. a4 Kg8 17. h3 Nd7 18. g4 Nb6 19. f5 Bc4 20. Qxc5 Rxc5 21. Bd3 Bxd3 22. cxd3 Rfc8 23. 0-0 Rd8 24. Rd2 d5 25. exd5 Nxd5 26. Nxd5 Rcxd5 27. fxg6 hxg6 28. Rf3 Rd4 29. b3 Rc8 30. Re3 e6 31. Kf2 Rc3 32. Rb2 Rdxd3 33. Rxd3 Rxd3 34. Kg2 Kg7 35. b4 Rd4 36. a5 Kf6 37. b5 Ra4 38. bxa6 bxa6 39. Rf2+ Ke7 40. Kg3 Rxa5 41. h4 Rd5 42. Rh2 Kf6 43. h5 gxh5 44. gxh5 Kg7 0-1